000 00284nam a22000977a 4500
008 250708b |||||||| |||| 00| 0 eng d
020 _a9789353041069
100 _aBhattacharya Abhirup
_97820
245 _aWinning Like Sourav Think & Succeed Like Ganguly
260 _aNew Delhi
_bRupa
_c2018
999 _c12766
_d12766